[Event "Heraklion Gazi op 10th"]
[Site "Heraklion"]
[Date "2014.08.01"]
[Round "4"]
[White "Linardaki, Antigoni"]
[Black "Mastrakoulis, Dimitrios"]
[Result "0-1"]
[WhiteElo "1231"]
[BlackElo "1747"]
[PlyCount "46"]
[EventDate "2014.07.30"]
[EventType "swiss"]
[EventRounds "9"]
[EventCountry "GRE"]
[SourceTitle "EXT 2016"]
[Source "ChessBase"]
[SourceDate "2015.10.08"]
[SourceVersion "1"]
[SourceVersionDate "2015.10.08"]
[SourceQuality "1"]

1. e4 e6 2. Nc3 c5 3. Bc4 Nc6 4. Nf3 a6 5. a4 Qc7 6. d4 cxd4 7. Nxd4 Bd6 8. g3 Nxd4 9. Qxd4 Nf6 10. e5 Bxe5 11. Qd3 0-0 12. Qe2 d5 13. Nxd5 exd5 14. Bd3 Bxb2 15. Bxh7+ Kh8 16. Bf4 Qc3+ 17. Bd2 Bxa1 18. Bxc3 Bxc3+ 19. Kf1 Bh3+ 20. Kg1 Rfe8 21. Bd3 Rxe2 22. Bxe2 Re8 23. Bf1 Re1 0-1

[Event "Thessaloniki White Tower A"]
[Site "Thessaloniki"]
[Date "2014.01.02"]
[Round "1.5"]
[White "Mastrakoulis, Dimitrios"]
[Black "Kesidis, Odyseas"]
[Result "0-1"]
[WhiteElo "1745"]
[BlackElo "2142"]
[PlyCount "41"]
[EventDate "2014.01.02"]
[EventType "swiss"]
[EventRounds "7"]
[EventCountry "GRE"]
[SourceTitle "EXT 2024"]
[Source "ChessBase"]
[SourceDate "2023.10.10"]
[SourceVersion "1"]
[SourceVersionDate "2023.10.10"]
[SourceQuality "1"]

1. e4 e5 2. Nc3 Bc5 3. Bc4 Nf6 4. Nge2 Nc6 5. Na4 Nxe4 6. Nxc5 Nxc5 7. d4 exd4 8. Nxd4 0-0 9. 0-0 Ne5 10. Be2 d5 11. f4 Nc6 12. f5 Qf6 13. Nb5 Na6 14. c3 Ne5 15. Be3 c6 16. Nxa7 Bd7 17. Bxa6 bxa6 18. Bc5 Rfb8 19. Qa4 Rxb2 20. Rf2 Rxf2 21. Kxf2 0-1

[Event "Thessaloniki op"]
[Site "Thessaloniki"]
[Date "2010.04.06"]
[Round "2"]
[White "Mastrakoulis, Dimitrios"]
[Black "Aghayev, Nijat"]
[Result "0-1"]
[WhiteElo "1808"]
[BlackElo "2309"]
[PlyCount "58"]
[EventDate "2010.04.04"]
[EventType "swiss"]
[EventRounds "9"]
[EventCountry "GRE"]
[SourceTitle "CBM 135 Extra"]
[Source "ChessBase"]
[SourceDate "2010.05.04"]
[SourceVersion "1"]
[SourceVersionDate "2010.05.04"]
[SourceQuality "1"]

1. e4 c5 2. Nc3 Nc6 3. f4 g6 4. Nf3 Bg7 5. Bc4 e6 6. d3 Nge7 7. 0-0 0-0 8. Qe1 d5 9. Bb3 Nd4 10. Nxd4 cxd4 11. Ne2 dxe4 12. dxe4 b6 13. Bc4 Bb7 14. Bd3 f5 15. Ng3 Rc8 16. Bd2 Re8 17. Rc1 fxe4 18. Nxe4 Nf5 19. Qe2 e5 20. Bb5 Re7 21. Bb4 Rec7 22. Ng5 Qd5 23. b3 Ne3 24. Rf2 exf4 25. Nf3 Rxc2 26. Rxc2 Rxc2 27. Bc4 Rxe2 28. Bxd5+ Nxd5 29. Rxe2 Nxb4 0-1